[Event "4NCL/Div4/BCA vs. AD3"]
[Site "West Bromwich ENG"]
[Date "2004.01.25"]
[Round "4.6"]
[White "Savin, Mike J"]
[Black "Thacker, Steve M"]
[Result "1/2-1/2"]
[WhiteElo "1424"]
[BlackElo "1432"]
[PlyCount "91"]
[EventDate "2004.01.25"]

1. b4 c5 2. b5 a6 3. c4 axb5 4. cxb5 d5 5. Bb2 Nf6 6. Nf3 g6 7. e3 Bg7 8. Be2
O-O 9. O-O Ne4 10. Bxg7 Kxg7 11. d3 Nd6 12. Nc3 e6 13. a4 Qa5 14. Qb3 Nd7 15.
Qb2 f6 16. Rfb1 Nb6 17. Qb3 Bd7 18. d4 cxd4 19. exd4 Rfc8 20. Rc1 Ndc4 21. Bd3
Rc7 22. Ra2 Be8 23. Bxc4 Rxc4 24. Rac2 Nxa4 25. Nxa4 Qxa4 26. Qxa4 Raxa4 27.
Rxc4 Rxc4 28. Rxc4 dxc4 29. b6 Kf7 30. Kf1 Ke7 31. Ke1 Kd6 32. Kd2 Bc6 33. Ne1
Bd5 34. Kc3 Kc6 35. f3 Kxb6 36. Nc2 Ka5 37. g3 b5 38. f4 h6 39. h4 g5 40. hxg5
hxg5 41. Nb4 gxf4 42. gxf4 Be4 43. Na2 Bb1 44. Nb4 Be4 45. Na2 Ka4 46. Nb4
1/2-1/2

[Event "4NCL/Div4/BRJ vs. OXF1"]
[Site "West Bromwich ENG"]
[Date "2004.03.27"]
[Round "5.1"]
[White "Richmond, Peter A"]
[Black "Coleman, James"]
[Result "1-0"]
[WhiteElo "2251"]
[BlackElo "2193"]
[PlyCount "69"]
[EventDate "2004.03.27"]

1. e4 e5 2. Nf3 Nc6 3. d3 Nf6 4. Nbd2 d5 5. Be2 Bc5 6. h3 O-O 7. c3 a5 8. Qc2
Re8 9. Nf1 b6 10. g4 d4 11. Ng3 Ba6 12. g5 Nd7 13. h4 a4 14. Rb1 dxc3 15. bxc3
Bf8 16. Be3 Nc5 17. d4 Bxe2 18. Kxe2 Nb7 19. Rbd1 exd4 20. cxd4 Nb4 21. Qb1 Na5
22. Ne5 Nac6 23. Ng4 Na5 24. f3 Nc4 25. Bc1 Nd5 26. Qc2 b5 27. Kf2 Nb4 28. Qb1
c6 29. h5 Qb6 30. Kg2 c5 31. h6 Qg6 32. hxg7 Bxg7 33. dxc5 Nc6 34. Nh5 Re6 35.
Nf4 1-0

[Event "4NCL/Div4/BRJ vs. OXF1"]
[Site "West Bromwich ENG"]
[Date "2004.03.27"]
[Round "5.2"]
[White "Ozeren, Kemal"]
[Black "Richmond, Jane"]
[Result "1-0"]
[WhiteElo "2226"]
[BlackElo "2161"]
[PlyCount "85"]
[EventDate "2004.03.27"]

1. d4 Nf6 2. Nf3 e6 3. e3 c5 4. Bd3 b6 5. O-O Be7 6. c4 Nc6 7. Nc3 Bb7 8. d5
Nb4 9. Be2 exd5 10. a3 dxc4 11. axb4 cxb4 12. Nb5 d5 13. Nxa7 O-O 14. Bd2 Qd7
15. Qa4 Qxa4 16. Rxa4 Ne4 17. Bxb4 Bxb4 18. Rxb4 Rxa7 19. Rxb6 Ba8 20. Rc1 Ra2
21. Kf1 Rc8 22. Bd3 Nc5 23. Bb1 Ra7 24. b3 Bb7 25. bxc4 dxc4 26. Nd4 Kf8 27.
Bf5 Rca8 28. Rb5 Nd3 29. Rxc4 Ra1+ 30. Ke2 Nc1+ 31. Rxc1 Rxc1 32. Rxb7 g6 33.
Bd3 Raa1 34. Kf3 Rd1 35. Bc4 Rab1 36. Rxf7+ Ke8 37. Rxh7 Rb6 38. Bb5+ Kf8 39.
Bc4 Rf6+ 40. Kg3 Rd2 41. Nf3 Rc2 42. Bd5 Rb2 43. e4 1-0

[Event "4NCL/Div4/BRJ vs. OXF1"]
[Site "West Bromwich ENG"]
[Date "2004.03.27"]
[Round "5.3"]
[White "Bareham, David"]
[Black "Savage, Ben D"]
[Result "1-0"]
[WhiteElo "2104"]
[BlackElo "2208"]
[PlyCount "35"]
[EventDate "2004.03.27"]

1. e4 c5 2. b3 Nc6 3. Bb2 e5 4. f4 d6 5. Nf3 Bg4 6. Bb5 exf4 7. O-O Nge7 8. h3
Bh5 9. Qe1 Qb6 10. Nc3 O-O-O 11. Bxc6 Qxc6 12. Qh4 Bxf3 13. Rxf3 d5 14. exd5
Nxd5 15. Nxd5 Qxd5 16. Rd3 Be7 17. Qxe7 Qf5 18. Be5 1-0

[Event "4NCL/Div4/BRJ vs. OXF1"]
[Site "West Bromwich ENG"]
[Date "2004.03.27"]
[Round "5.4"]
[White "Smallbone, Kieran"]
[Black "Bourne, Johnathan"]
[Result "1-0"]
[WhiteElo "2147"]
[BlackElo "2032"]
[PlyCount "81"]
[EventDate "2004.03.27"]

1. e4 e5 2. Nf3 Nc6 3. Nc3 Nf6 4. d4 exd4 5. Nd5 Be7 6. Bc4 d6 7. Nxd4 O-O 8.
O-O Nxd4 9. Qxd4 Nxd5 10. Bxd5 Bf6 11. Qd3 a5 12. c3 a4 13. a3 Ra5 14. Be3 Qe7
15. Rfe1 Be6 16. Bd4 Bxd4 17. Qxd4 Re8 18. Re3 Bxd5 19. exd5 Qd7 20. Rae1 Raa8
21. h4 Rxe3 22. Rxe3 Re8 23. Qg4 f5 24. Rxe8+ Qxe8 25. Qxf5 Qd8 26. Qe6+ Kh8
27. g3 h6 28. Kg2 c6 29. Qe4 cxd5 30. Qxa4 Qb6 31. Qb4 Qc6 32. Qd4 Kh7 33. a4
Kh8 34. a5 Qb5 35. b4 Qc6 36. Kh2 Kh7 37. Qd3+ Kh8 38. Kg1 Qe8 39. Qxd5 Qe1+
40. Kg2 Qxc3 41. Qxb7 1-0

[Event "4NCL/Div4/BRJ vs. OXF1"]
[Site "West Bromwich ENG"]
[Date "2004.03.27"]
[Round "5.5"]
[White "Tomboline, David"]
[Black "Gunlycke, Daniel"]
[Result "1/2-1/2"]
[WhiteElo "1792"]
[BlackElo "1976"]
[PlyCount "75"]
[EventDate "2004.03.27"]

1. e4 e5 2. Nc3 Nf6 3. Nf3 Nc6 4. d4 exd4 5. Nxd4 Bb4 6. Nxc6 bxc6 7. Bd3 d5 8.
exd5 cxd5 9. O-O O-O 10. Bg5 c6 11. Qf3 Be7 12. h3 Rb8 13. b3 Be6 14. Ne2 h6
15. Bf4 Bd6 16. Rfe1 c5 17. Rad1 Rb6 18. Ng3 Bxf4 19. Qxf4 Rb4 20. Qf3 Qc7 21.
Nh5 Nh7 22. Qg3 Qxg3 23. Nxg3 Nf6 24. Be2 a5 25. Bf3 a4 26. Nh5 Nxh5 27. Bxh5
axb3 28. axb3 d4 29. Re5 Rc8 30. Bg4 Rc6 31. Bxe6 fxe6 32. f4 Kf7 33. g3 Kf6
34. h4 Rb7 35. Kf2 c4 36. Rxd4 cxb3 37. cxb3 Rxb3 38. Rde4 1/2-1/2

[Event "4NCL/Div4/BRJ vs. OXF1"]
[Site "West Bromwich ENG"]
[Date "2004.03.27"]
[Round "5.6"]
[White "Duggan, Chris"]
[Black "Headlong, Fenella"]
[Result "0-1"]
[WhiteElo "1848"]
[BlackElo "1736"]
[PlyCount "116"]
[EventDate "2004.03.27"]

1. e4 e5 2. Nf3 Nc6 3. Bb5 a6 4. Ba4 Nf6 5. d3 Bc5 6. c3 b5 7. Bb3 d6 8. Nbd2
h6 9. Nf1 Be6 10. h3 Bxb3 11. axb3 d5 12. Qe2 Qd6 13. Ng3 O-O 14. Nf5 Qe6 15.
g4 dxe4 16. dxe4 Qxb3 17. g5 hxg5 18. Nxg5 Qc4 19. Qf3 b4 20. Rg1 g6 21. Nd4
exd4 22. Qxf6 Be7 23. Qf3 Ne5 24. Qg3 Nd3+ 25. Kd1 Qb3+ 26. Kd2 bxc3+ 27. bxc3
Qxc3+ 28. Ke2 Nxc1+ 29. Raxc1 Qxg3 30. Rxg3 Bd6 31. Rgg1 Bf4 32. Ra1 Bxg5 33.
Rxg5 Rfc8 34. Ra4 c5 35. Rc4 a5 36. Rgxc5 Rxc5 37. Rxc5 a4 38. Rc2 a3 39. Ra2
Ra4 40. Kd3 Kg7 41. f4 Kf6 42. h4 Kg7 43. Kd2 Kh6 44. Ke2 Kh5 45. Kf3 Ra5 46.
Kg3 Ra8 47. Kf3 Ra7 48. e5 Ra4 49. Ke4 Kg4 50. h5 gxh5 51. Rg2+ Kh3 52. Ra2 d3+
53. Kf3 d2 54. Ra1 Kh2 55. Ke3 a2 56. Kxd2 Rxf4 57. Ke3 Ra4 58. Kf2 Ra3 0-1

[Event "4NCL/Div4/HKF2 vs. SLO3"]
[Site "West Bromwich ENG"]
[Date "2004.03.27"]
[Round "5.1"]
[White "Pym, Thomas W"]
[Black "de Coverly, Roger"]
[Result "0-1"]
[WhiteElo "2048"]
[BlackElo "2093"]
[PlyCount "96"]
[EventDate "2004.03.27"]

1. e4 e5 2. Nf3 Nc6 3. Bb5 a6 4. Ba4 Nf6 5. Qe2 b5 6. Bb3 Be7 7. c3 O-O 8. d4
d6 9. O-O Bg4 10. Rd1 Qc8 11. Bg5 Rb8 12. Qe3 Re8 13. Nbd2 Na5 14. Bc2 c5 15.
dxe5 dxe5 16. h3 Bh5 17. b3 Qe6 18. Nf1 h6 19. Bh4 Bg6 20. Ng3 Nh5 21. Nf5 Bxh4
22. N3xh4 Bxf5 23. Nxf5 Nb7 24. a4 Nf4 25. axb5 axb5 26. Ra7 Qg6 27. Qf3 Qb6
28. Rda1 Qd8 29. Qg4 Qg5 30. Qxg5 hxg5 31. Kf1 g6 32. Nh6+ Kg7 33. Ng4 b4 34.
R1a6 Nd8 35. Nf6 Re6 36. Rxe6 Nfxe6 37. Nd7 Rc8 38. Nxe5 bxc3 39. g3 Nd4 40.
Ra2 N8c6 41. Nxc6 Nxc6 42. Ra1 Nb4 43. Rc1 Rd8 44. Bd1 Na2 45. Ra1 Rd2 46. Be2
c2 47. Ke1 Rxe2+ 48. Kxe2 c1=Q 0-1

[Event "4NCL/Div4/HKF2 vs. SLO3"]
[Site "West Bromwich ENG"]
[Date "2004.03.27"]
[Round "5.2"]
[White "Payne, Nick"]
[Black "Giles, Ben"]
[Result "1-0"]
[WhiteElo "2088"]
[BlackElo "2040"]
[PlyCount "81"]
[EventDate "2004.03.27"]

1. e4 d5 2. exd5 Nf6 3. Nf3 Nxd5 4. d4 g6 5. c4 Nb6 6. Nc3 Bg7 7. Be3 O-O 8.
Qd2 Nc6 9. h3 e5 10. d5 Ne7 11. Bh6 Re8 12. Bxg7 Kxg7 13. O-O-O Nf5 14. Bd3 c6
15. Rhe1 cxd5 16. Nxe5 f6 17. Ng4 Rxe1 18. Qxe1 h5 19. Bxf5 Bxf5 20. Ne3 Rc8
21. Nxf5+ gxf5 22. cxd5 Na4 23. Rd3 Rc5 24. Rg3+ Kh8 25. Qe2 Rc7 26. Qxh5+ Rh7
27. Qxf5 Nxc3 28. Rxc3 Rc7 29. Qh5+ Kg7 30. Qg4+ Kh8 31. Qh4+ Rh7 32. Qc4 Rd7
33. Qc8 Rxd5 34. Qxd8+ Rxd8 35. Rc7 b5 36. Rxa7 Rc8+ 37. Kd2 Rd8+ 38. Kc3 Rc8+
39. Kb3 Re8 40. Rc7 Re2 41. Rc2 1-0

[Event "4NCL/Div4/HKF2 vs. SLO3"]
[Site "West Bromwich ENG"]
[Date "2004.03.27"]
[Round "5.3"]
[White "Dupré, Paul D"]
[Black "McGowan, Daniel"]
[Result "1-0"]
[WhiteElo "2053"]
[BlackElo "2053"]
[PlyCount "63"]
[EventDate "2004.03.27"]

1. d4 d5 2. c4 e6 3. cxd5 exd5 4. Nc3 c6 5. Nf3 Nf6 6. Bg5 Be7 7. Qc2 O-O 8.
Bxf6 Bxf6 9. h4 c5 10. Ng5 g6 11. dxc5 Qa5 12. O-O-O Bf5 13. e4 dxe4 14. Ngxe4
Bg7 15. f3 Nc6 16. Bc4 Ne5 17. Bb3 Nc6 18. Qf2 Rad8 19. Rxd8 Rxd8 20. g4 Bxe4
21. Nxe4 Nb4 22. Kb1 Nd3 23. Qc2 Nxb2 24. Bxf7+ Kh8 25. h5 gxh5 26. Bb3 Re8 27.
Rc1 h6 28. Nd6 Re7 29. Qf5 Qd8 30. Nf7+ Rxf7 31. Qxf7 hxg4 32. Re1 1-0

[Event "4NCL/Div4/HKF2 vs. SLO3"]
[Site "West Bromwich ENG"]
[Date "2004.03.27"]
[Round "5.4"]
[White "Payne, Oliver R"]
[Black "James, Stephen B"]
[Result "1-0"]
[WhiteElo "2033"]
[BlackElo "1880"]
[PlyCount "106"]
[EventDate "2004.03.27"]

1. e4 e5 2. Nf3 Nc6 3. Bb5 a6 4. Ba4 Nf6 5. O-O Be7 6. d3 b5 7. Bb3 O-O 8. a4
Bb7 9. axb5 axb5 10. Rxa8 Bxa8 11. Re1 d6 12. Nbd2 Na5 13. c3 Nxb3 14. Qxb3 c6
15. Nf1 h6 16. Ng3 Re8 17. d4 Bf8 18. dxe5 dxe5 19. Rd1 Qc7 20. h3 Bb7 21. Be3
Bc8 22. Ra1 Be6 23. Qc2 Nd7 24. Nd2 Nc5 25. c4 b4 26. Ne2 Rd8 27. Nc1 Qe7 28.
Ra5 Nd7 29. Nd3 Qf6 30. Kh1 g5 31. f3 h5 32. g4 Kg7 33. Nf2 Be7 34. Kg2 Rh8 35.
Ra1 Nc5 36. Rh1 Bc8 37. Bxc5 Bxc5 38. Nd3 Be7 39. c5 Bd7 40. Nxb4 Rb8 41. Qc3
Qe6 42. Ra1 f6 43. Nd3 Qf7 44. Ra7 Be6 45. Nxe5 Qe8 46. Nxc6 Qxc6 47. Rxe7+ Kg6
48. b4 Qa6 49. Kf2 Qa2 50. Qd3 hxg4 51. hxg4 Bc4 52. Qd7 Bf7 53. e5 fxe5 1-0

[Event "4NCL/Div4/HKF2 vs. SLO3"]
[Site "West Bromwich ENG"]
[Date "2004.03.27"]
[Round "5.5"]
[White "Odunaiya, Victor"]
[Black "Cox, Tristan"]
[Result "0-1"]
[WhiteElo "1848"]
[BlackElo "2064"]
[PlyCount "96"]
[EventDate "2004.03.27"]

1. e4 c5 2. Nf3 Nc6 3. d4 cxd4 4. Nxd4 Nf6 5. Nc3 e5 6. Nb3 Bb4 7. Bd3 d5 8.
exd5 Nxd5 9. Bd2 Bxc3 10. bxc3 O-O 11. O-O f5 12. Bc4 Kh8 13. Qf3 e4 14. Qh5
Nf6 15. Qe2 Ne5 16. Nd4 Qd6 17. Rfd1 Nxc4 18. Qxc4 f4 19. Qb4 Qxb4 20. cxb4 g5
21. c4 Bg4 22. Re1 Rac8 23. Rac1 Kg8 24. h3 Bd7 25. b5 b6 26. Bb4 Rfe8 27. c5
bxc5 28. Rxc5 h6 29. Rec1 Rxc5 30. Rxc5 e3 31. fxe3 Rxe3 32. Rc7 Rd3 33. Bc5
Ne4 34. Rxd7 Rd1+ 35. Kh2 Ng3 36. Rd8+ Kh7 37. Rd7+ Kg6 38. Rd6+ Kh5 39. Rxh6+
Kxh6 40. Nf5+ Nxf5 41. Bxa7 Nd6 42. a4 Ra1 43. Bb8 Nb7 44. h4 Rxa4 45. hxg5+
Kxg5 46. b6 Rb4 47. Bc7 Na5 48. Kh3 Nc4 0-1

[Event "4NCL/Div4/HKF2 vs. SLO3"]
[Site "West Bromwich ENG"]
[Date "2004.03.27"]
[Round "5.6"]
[White "Coddington, Oliver"]
[Black "Truslove, Arthur D"]
[Result "1/2-1/2"]
[WhiteElo "1897"]
[BlackElo "1768"]
[PlyCount "86"]
[EventDate "2004.03.27"]

1. d4 Nf6 2. Nf3 g6 3. g3 Bg7 4. Bg2 O-O 5. O-O d6 6. c4 Nbd7 7. Nc3 e5 8. dxe5
Nxe5 9. Qb3 c6 10. Rd1 Qc7 11. Nd4 Nfd7 12. Ne4 Nxc4 13. Qxc4 d5 14. Qc2 dxe4
15. Bxe4 Nf6 16. Bg2 Rd8 17. Bf4 Qb6 18. Nb3 Bf5 19. e4 Bg4 20. Re1 Nd7 21. Be3
Qb5 22. f3 Be6 23. Nd4 Qc4 24. Qf2 Nf8 25. Nxe6 Nxe6 26. Bf1 Qb4 27. Rab1 Rd7
28. Bh3 Qe7 29. Rbd1 b6 30. Qc2 c5 31. Rxd7 Qxd7 32. Rd1 Qe7 33. b3 Nd4 34. Qf2
Qf6 35. f4 Qe7 36. Bg2 Rd8 37. e5 Ne6 38. Rxd8+ Qxd8 39. Qd2 Qxd2 40. Bxd2 Nd4
41. Kf2 Kf8 42. Ke3 Ke7 43. Kd3 f6 1/2-1/2

[Event "4NCL/Div4/NOTT vs. MET"]
[Site "West Bromwich ENG"]
[Date "2004.03.27"]
[Round "5.1"]
[White "Webster, Richard J"]
[Black "Noden, Nicolas"]
[Result "0-1"]
[WhiteElo "2031"]
[BlackElo "2176"]
[PlyCount "50"]
[EventDate "2004.03.27"]

1. d4 d6 2. c4 e5 3. e3 Be7 4. Nc3 f5 5. Nf3 e4 6. Nd2 Nf6 7. Be2 O-O 8. O-O c5
9. Nb3 Nc6 10. f3 a5 11. dxc5 dxc5 12. Qxd8 Rxd8 13. Na4 exf3 14. Bxf3 Be6 15.
Bxc6 bxc6 16. Nbxc5 Bxc4 17. Re1 Bb5 18. b3 Nd5 19. Ne6 Rdb8 20. e4 fxe4 21.
Rxe4 Bxa4 22. Rxa4 Bf6 23. Rd4 Re8 24. Rxd5 cxd5 25. Nc7 Bxa1 0-1

[Event "4NCL/Div4/NOTT vs. MET"]
[Site "West Bromwich ENG"]
[Date "2004.03.27"]
[Round "5.2"]
[White "Dunn, Alan"]
[Black "Truman, Richard G"]
[Result "1-0"]
[WhiteElo "2111"]
[BlackElo "1938"]
[PlyCount "53"]
[EventDate "2004.03.27"]

1. e4 c5 2. Nf3 d6 3. d4 cxd4 4. Nxd4 Nf6 5. Nc3 a6 6. Be3 e6 7. f3 b5 8. g4 h6
9. Qd2 Bb7 10. h4 Nbd7 11. Rg1 b4 12. Nce2 Ne5 13. Nf4 g6 14. g5 hxg5 15. hxg5
Nfd7 16. O-O-O Nb6 17. Ndxe6 fxe6 18. Qxb4 d5 19. Qb3 Qd6 20. Bxb6 Nxf3 21.
Nxg6 Rg8 22. Nxf8 Rxf8 23. Rh1 Qf4+ 24. Be3 Qc7 25. g6 O-O-O 26. exd5 Rxd5 27.
Bc4 1-0

[Event "4NCL/Div4/NOTT vs. MET"]
[Site "West Bromwich ENG"]
[Date "2004.03.27"]
[Round "5.3"]
[White "Walker, Andrew N"]
[Black "Djabri, Zafer M"]
[Result "1/2-1/2"]
[WhiteElo "1968"]
[BlackElo "2036"]
[PlyCount "107"]
[EventDate "2004.03.27"]

1. e4 c5 2. d4 cxd4 3. c3 dxc3 4. Nxc3 Nc6 5. Nf3 e6 6. Bc4 Qc7 7. O-O Nf6 8.
Nb5 Qb8 9. Qe2 a6 10. Nbd4 Ne5 11. Bb3 Bc5 12. h3 O-O 13. Bg5 b5 14. Rac1 Bd6
15. Rfd1 Bb7 16. Nd2 Ng6 17. g3 Bxg3 18. fxg3 Qxg3+ 19. Qg2 Qxg2+ 20. Kxg2 Nxe4
21. Nxe4 Bxe4+ 22. Kf2 h6 23. Bd2 Ne5 24. Ke3 d5 25. Bc3 Nc4+ 26. Bxc4 bxc4 27.
Rg1 e5 28. Nc6 f6 29. Bb4 Rfe8 30. Rcd1 Kf7 31. Rg3 f5 32. Nxe5+ Rxe5 33. Bc3
Rae8 34. Bxe5 Rxe5 35. Kf4 Re6 36. h4 Rb6 37. h5 g5+ 38. hxg6+ Rxg6 39. Rxg6
Kxg6 40. Ke5 h5 41. Rg1+ Kh6 42. Rg8 h4 43. Kf4 d4 44. Rh8+ Kg7 45. Rxh4 c3 46.
bxc3 dxc3 47. Rh3 c2 48. Rc3 Kf6 49. Rc5 Ke6 50. Rc3 Kd5 51. Ke3 f4+ 52. Kd2 f3
53. Rxf3 Bxf3 54. Kxc2 1/2-1/2

[Event "4NCL/Div4/NOTT vs. MET"]
[Site "West Bromwich ENG"]
[Date "2004.03.27"]
[Round "5.4"]
[White "Calvert, D Ian"]
[Black "Wright, Antony J"]
[Result "1/2-1/2"]
[WhiteElo "2035"]
[BlackElo "1880"]
[PlyCount "110"]
[EventDate "2004.03.27"]

1. b3 Nf6 2. Bb2 d5 3. Nf3 c5 4. e3 Nc6 5. Bb5 Bd7 6. O-O e6 7. d3 Be7 8. Nbd2
a6 9. Bxc6 Bxc6 10. Ne5 Rc8 11. f4 O-O 12. Ndf3 Nd7 13. Nxc6 Rxc6 14. Ne5 Nxe5
15. Bxe5 b5 16. c4 f6 17. Bc3 f5 18. Qc2 Bf6 19. Bxf6 Qxf6 20. Rae1 Rd8 21. e4
dxc4 22. dxc4 Qd4+ 23. Rf2 bxc4 24. bxc4 g6 25. exf5 exf5 26. Qb3 Qd6 27. Qe3
Rb6 28. Rc2 Qd4 29. Qxd4 cxd4 30. c5 Rc6 31. Rd1 Kf7 32. Rc4 Ke6 33. Rcxd4 Rxd4
34. Rxd4 Rxc5 35. Ra4 Rc6 36. Ra5 Kd6 37. Kf2 Kc7 38. h3 Kb6 39. Ra3 Re6 40. g4
Re4 41. Kf3 a5 42. gxf5 gxf5 43. Rd3 Kc6 44. Rc3+ Kd6 45. Rd3+ Ke6 46. Rc3 a4
47. Rc7 Rd4 48. Rxh7 Rd3+ 49. Kg2 Ra3 50. Ra7 Rxa2+ 51. Kg3 a3 52. h4 Ra1 53.
Kg2 Ra2+ 54. Kg3 Ra1 55. Kg2 Ra2+ 1/2-1/2

[Event "4NCL/Div4/NOTT vs. MET"]
[Site "West Bromwich ENG"]
[Date "2004.03.27"]
[Round "5.5"]
[White "Thompson, Brian"]
[Black "Dickson, George"]
[Result "1-0"]
[WhiteElo "1856"]
[BlackElo "1928"]
[PlyCount "135"]
[EventDate "2004.03.27"]

1. d4 d6 2. e4 Nf6 3. Nc3 g6 4. Nf3 Bg7 5. Be2 Bg4 6. Be3 Nc6 7. Qd2 d5 8. Ne5
Bxe2 9. exd5 Nxe5 10. dxe5 Ba6 11. exf6 Bxf6 12. O-O-O Qd7 13. Bd4 O-O-O 14.
Bxf6 exf6 15. Qd4 Kb8 16. Qxf6 Rhe8 17. Rhe1 b6 18. d6 Rxe1 19. dxc7+ Qxc7 20.
Rxe1 Bc4 21. Re7 Rd7 22. Rxd7 Qxd7 23. Qf4+ Qc7 24. Qxc7+ Kxc7 25. Kd2 Kd6 26.
b3 Bf1 27. g3 f5 28. Ke3 Kc5 29. a3 b5 30. f3 g5 31. Ne2 a5 32. Nd4 f4+ 33.
gxf4 gxf4+ 34. Ke4 Bh3 35. Ne2 a4 36. Nxf4 Bd7 37. Nd3+ Kd6 38. b4 Bc6+ 39. Ke3
Kd5 40. f4 Be8 41. Ne5 Bh5 42. Kd3 Be8 43. Ke3 Bh5 44. Nd7 Bg6 45. Nf6+ Ke6 46.
Ne4 Kd5 47. Nc3+ Kc4 48. Kd2 h5 49. h4 Be8 50. f5 Kd4 51. f6 Ke5 52. Nxb5 Kxf6
53. Nd6 Bd7 54. Ke3 Ke6 55. Ne4 Kf5 56. Ng3+ Kg4 57. Nxh5 Kxh5 58. Kd4 Kxh4 59.
Kd5 Kg5 60. c4 Kf6 61. Kd6 Be6 62. c5 Bc4 63. c6 Ba6 64. c7 Bc8 65. b5 Kf7 66.
b6 Ke8 67. Kc6 Bh3 68. b7 1-0

[Event "4NCL/Div4/NOTT vs. MET"]
[Site "West Bromwich ENG"]
[Date "2004.03.27"]
[Round "5.6"]
[White "McGuiness, Andrew E"]
[Black "Graham, Neil"]
[Result "1/2-1/2"]
[WhiteElo "1776"]
[BlackElo "1736"]
[PlyCount "39"]
[EventDate "2004.03.27"]

1. e4 e5 2. Nf3 Nf6 3. Nc3 Bb4 4. Nxe5 O-O 5. Be2 d6 6. Nd3 Bxc3 7. dxc3 Nxe4
8. O-O Bf5 9. Bf4 Nd7 10. f3 Nec5 11. Re1 Qf6 12. Qd2 Nxd3 13. cxd3 Nc5 14. d4
Ne6 15. Bc4 h6 16. a4 Bg6 17. Bg3 Ng5 18. Qf2 Rfe8 19. Bh4 Qf5 20. Bxg5 1/2-1/2

[Event "4NCL/Div4/PPA2 vs. SXM"]
[Site "West Bromwich ENG"]
[Date "2004.03.27"]
[Round "5.1"]
[White "Rosen, Daniel B"]
[Black "Fryer, David"]
[Result "1-0"]
[WhiteElo "2145"]
[BlackElo "2078"]
[PlyCount "81"]
[EventDate "2004.03.27"]

1. e4 e5 2. Nf3 Nc6 3. Bb5 a6 4. Ba4 Nf6 5. O-O b5 6. Bb3 Be7 7. Qe2 d6 8. h3
O-O 9. c3 h6 10. d4 Bb7 11. Rd1 Qc8 12. Nh4 Re8 13. d5 Nb8 14. Nf5 Bf8 15. c4
Nbd7 16. Bc2 bxc4 17. Na3 Nb6 18. Be3 Qd8 19. Nxc4 Nxc4 20. Qxc4 Nd7 21. Ba4 g6
22. Bxd7 Qxd7 23. Nxh6+ Kh7 24. Ng4 Bg7 25. Bg5 Rf8 26. Bf6 Rh8 27. Rac1 Rac8
28. Qb3 Rb8 29. Qc3 Rbc8 30. f4 c6 31. fxe5 cxd5 32. Qd4 Rxc1 33. Rxc1 Rc8 34.
Rxc8 Qxc8 35. Bxg7 Qc1+ 36. Kh2 Qf4+ 37. g3 Qc1 38. exd6 f6 39. d7 Qc2+ 40. Qf2
Qc7 41. Nxf6+ 1-0

[Event "4NCL/Div4/PPA2 vs. SXM"]
[Site "West Bromwich ENG"]
[Date "2004.03.27"]
[Round "5.2"]
[White "Prescott, Adam"]
[Black "Waddington, Michael P"]
[Result "0-1"]
[WhiteElo "1712"]
[BlackElo "2156"]
[PlyCount "110"]
[EventDate "2004.03.27"]

1. e4 e6 2. c4 c5 3. Nc3 Nc6 4. d3 Nf6 5. f4 d5 6. cxd5 exd5 7. e5 Ng4 8. Nf3
Be7 9. g3 O-O 10. Bg2 d4 11. Ne4 Nb4 12. O-O Nd5 13. Re1 Nge3 14. Bxe3 Nxe3 15.
Qc1 b6 16. Nfd2 Nxg2 17. Kxg2 Qd7 18. Nf3 Bb7 19. b3 a5 20. Qc2 Rac8 21. Rac1
Rc6 22. Qe2 Rh6 23. h4 Rc8 24. Kf2 Re8 25. Rb1 Qf5 26. Rbc1 Bd5 27. Rb1 Rg6 28.
Rbc1 h6 29. Rg1 Bf8 30. Rce1 Kh8 31. Nfd2 Rxe5 32. Qf3 Re7 33. g4 Qd7 34. f5
Rc6 35. g5 Re5 36. Ke2 Qxf5 37. Qg2 Qc8 38. Ref1 Qe8 39. Kd1 b5 40. Qg4 c4 41.
gxh6 Rxh6 42. bxc4 bxc4 43. Nf6 Qa4+ 44. Kc1 Ba3+ 45. Kb1 Bf8 46. Nxd5 Rxd5 47.
Rxf7 Rb6+ 48. Nb3 Rxb3+ 49. axb3 Qxb3+ 50. Kc1 Qc3+ 51. Kd1 Qxd3+ 52. Ke1 Re5+
53. Kf2 Qd2+ 54. Kg3 Re3+ 55. Rf3 Bd6+ 0-1

[Event "4NCL/Div4/PPA2 vs. SXM"]
[Site "West Bromwich ENG"]
[Date "2004.03.27"]
[Round "5.3"]
[White "Goodger, Martyn"]
[Black "Eichner, Daniel"]
[Result "1-0"]
[WhiteElo "2138"]
[BlackElo "1544"]
[PlyCount "135"]
[EventDate "2004.03.27"]

1. e4 c5 2. Nf3 Nc6 3. Bb5 g6 4. Bxc6 bxc6 5. O-O Bg7 6. c3 d6 7. h3 Ba6 8. Re1
Nf6 9. d4 cxd4 10. cxd4 O-O 11. Nc3 Nd7 12. Bg5 Rb8 13. Qa4 Rb6 14. Rad1 f6 15.
Be3 Qc8 16. b4 Qb7 17. Qb3+ Kh8 18. a3 f5 19. exf5 Rxf5 20. Ng5 d5 21. Ne6 Bc4
22. Qc2 a5 23. Nxg7 Kxg7 24. Qd2 axb4 25. Bh6+ Kf7 26. axb4 Rxb4 27. Qe3 e5 28.
g4 Rf6 29. dxe5 Re6 30. Ra1 Rxe5 31. Qf4+ Ke6 32. Bg7 Be2 33. Qg3 Nf6 34. Bxf6
Kxf6 35. Rxe2 Rxe2 36. Nxe2 Re4 37. Qd6+ Kg7 38. Nf4 Qf7 39. Nd3 Re6 40. Qg3
Qf6 41. Ra7+ Re7 42. Rxe7+ Qxe7 43. Qe5+ Kf7 44. Qxe7+ Kxe7 45. f4 d4 46. Kf2
Ke6 47. Ke2 Kd5 48. Nf2 c5 49. Kd3 c4+ 50. Kd2 Ke6 51. Ne4 h5 52. Ng5+ Kf6 53.
Nf3 Ke6 54. Nxd4+ Kd5 55. Ke3 hxg4 56. hxg4 Kd6 57. Ke4 Ke7 58. Ne2 Ke6 59. Kd4
Kf6 60. Kxc4 g5 61. f5 Ke5 62. Kc5 Kf6 63. Kd6 Kf7 64. Ke5 Kg7 65. f6+ Kf7 66.
Kf5 Kg8 67. Kxg5 Kf7 68. Kf5 1-0

[Event "4NCL/Div4/PPA2 vs. SXM"]
[Site "West Bromwich ENG"]
[Date "2004.03.27"]
[Round "5.4"]
[White "Fraser, Joe"]
[Black "Winfridsson, Ola"]
[Result "1/2-1/2"]
[WhiteElo "1576"]
[BlackElo "2057"]
[PlyCount "96"]
[EventDate "2004.03.27"]

1. e4 c6 2. d4 d5 3. e5 Bf5 4. Be3 e6 5. Nf3 Qb6 6. Qc1 c5 7. Nbd2 Nc6 8. c3
Nh6 9. h3 cxd4 10. Nxd4 Nxd4 11. Bxd4 Bc5 12. Nb3 Bxd4 13. Nxd4 O-O 14. g4 Bg6
15. Bg2 Bd3 16. Qd2 Ba6 17. f4 Kh8 18. f5 Qc7 19. O-O-O exf5 20. g5 Ng8 21. Qf4
Ne7 22. Nxf5 Ng6 23. Qd4 Qxe5 24. Qxe5 Nxe5 25. Rxd5 Nd3+ 26. Kc2 Nf4 27. Rd2
Nxg2 28. Rxg2 Rad8 29. Rd1 Rxd1 30. Kxd1 g6 31. Nd4 f5 32. Rf2 Re8 33. Rf4 Kg7
34. b4 Bd3 35. Kd2 Be4 36. c4 h6 37. gxh6+ Kf6 38. h4 Rh8 39. Nf3 Bxf3 40. Rxf3
Rxh6 41. Rf4 Ke5 42. Ke3 Rh5 43. Rd4 g5 44. Rd5+ Ke6 45. hxg5 Rxg5 46. Ra5 Rg3+
47. Kf2 Rc3 48. Rxa7 Rxc4 1/2-1/2

[Event "4NCL/Div4/PPA2 vs. SXM"]
[Site "West Bromwich ENG"]
[Date "2004.03.27"]
[Round "5.5"]
[White "Retallick, Lloyd"]
[Black "Bucher, Grant"]
[Result "1/2-1/2"]
[WhiteElo "1952"]
[BlackElo "1592"]
[PlyCount "79"]
[EventDate "2004.03.27"]

1. d4 f5 2. Bg5 Nf6 3. Bxf6 exf6 4. e3 d5 5. c4 Bb4+ 6. Nc3 Bxc3+ 7. bxc3 g6 8.
Qb3 c6 9. Bd3 Qd6 10. Ne2 b6 11. cxd5 Qxd5 12. O-O Be6 13. Qa3 g5 14. c4 Qd7
15. Rfd1 Kf7 16. d5 cxd5 17. cxd5 Qxd5 18. Ba6 Qe5 19. Bb7 Nd7 20. Bxa8 Rxa8
21. Qd6 Rc8 22. Qxe5 fxe5 23. Rac1 Nc5 24. a3 Ke7 25. g3 g4 26. Rc3 h5 27. Kf1
Rh8 28. Nc1 Bc8 29. Nb3 Ba6+ 30. Kg1 Nxb3 31. Rxb3 Bc4 32. Rb2 e4 33. Rc1 b5
34. Kg2 Rd8 35. a4 a6 36. axb5 axb5 37. Rbb1 Rd6 38. Ra1 Kf6 39. h3 Kg6 40. Ra8
1/2-1/2

[Event "4NCL/Div4/PPA2 vs. SXM"]
[Site "West Bromwich ENG"]
[Date "2004.03.27"]
[Round "5.6"]
[White "Fryer, Abi"]
[Black "Quintana, Marcos I"]
[Result "0-1"]
[WhiteElo "1128"]
[BlackElo "1760"]
[PlyCount "54"]
[EventDate "2004.03.27"]

1. e4 e6 2. d4 d5 3. e5 c5 4. c3 Nc6 5. Nf3 Qb6 6. Be2 Nge7 7. Na3 cxd4 8. cxd4
Nf5 9. Nc2 h5 10. b3 Be7 11. O-O Bd7 12. Bg5 f6 13. exf6 gxf6 14. Be3 O-O-O 15.
Rc1 Kb8 16. Bf4+ Bd6 17. Bxd6+ Nxd6 18. a4 Ne4 19. Qe1 Rdg8 20. Bb5 h4 21. h3
e5 22. Bxc6 bxc6 23. a5 Qc7 24. Qb4+ Ka8 25. dxe5 Bxh3 26. Ne3 Bxg2 27. Nxd5
Bxf3+ 0-1

[Event "4NCL/Div4/CAMB vs. MIN2"]
[Site "West Bromwich ENG"]
[Date "2004.03.27"]
[Round "5.1"]
[White "Alfred, Nathan S W"]
[Black "Stirling, William J"]
[Result "1/2-1/2"]
[WhiteElo "2356"]
[BlackElo "2141"]
[PlyCount "51"]
[EventDate "2004.03.27"]

1. d4 Nf6 2. Nf3 g6 3. c4 Bg7 4. Nc3 O-O 5. e4 d6 6. Be2 e5 7. O-O Nc6 8. d5
Ne7 9. b4 Nh5 10. Re1 f5 11. Ng5 Nf6 12. Bf3 c6 13. Rb1 h6 14. Ne6 Bxe6 15.
dxe6 fxe4 16. Nxe4 Nxe4 17. Bxe4 d5 18. Bc2 Qd6 19. b5 Rad8 20. bxc6 bxc6 21.
Rb7 Qxe6 22. Ba3 Rd7 23. cxd5 cxd5 24. Rxd7 Qxd7 25. Bxe7 Qxe7 26. Qxd5+
1/2-1/2